[Event "AUTO-ADV-4499"]
[Site "http://www.queenalice.com/game.php?id=1759689"]
[Date "2021.5.16"]
[Round "1"]
[White "BigRezi"]
[Black "Pin"]
[Result "0-1"]
[WhiteElo "1754"]
[BlackElo "2082"]

1. e4 c5 2. Nf3 d6 3. d4 cxd4 4. Nxd4 Nf6 5. Nc3 a6 6. Bg5 Nbd7 7. Bc4 Qc7 8.
Bb3 b5 9. a3 Bb7 10. O-O h6 11. Bd2 g6 12. Re1 Bg7 13. Qe2 Rc8 14. Nd5 Bxd5 15.
exd5 Ne5 16. Bf4 Nc4 17. Bxc4 bxc4 18. c3 Nxd5 19. Bg3 O-O 20. Rad1 e6 21. h3
Rcd8 22. Qd2 Rfe8 23. Nc2 a5 24. Nd4 Kh7 25. Nb5 Qb6 26. Nd4 Ne7 27. Qe2 Qc5 28.
a4 e5 29. Nf3 Nf5 30. Bh2 e4 31. Nd2 d5 32. Nf1 h5 33. Qd2 Bh6 34. Bf4 Bg7 35.
Kh1 Rd7 36. Ne3 Nxe3 37. Bxe3 Qc6 38. Bd4 Bh6 39. Qc2 f5 40. b3 cxb3 41. Qxb3
Rb7 42. Qc2 Qc4 43. Rb1 Reb8 44. Be5 Rxb1 45. Rxb1 Rxb1+ 46. Qxb1 Qc6 47. Qb5
Qxb5 48. Bd4 Bf4 49. axb5 a4 50. Bc5 Kg8 51. Bb4 Kf7 52. b6 Ke6 53. Kg1 Kd7 54.
g3 Be5 55. Kg2 Kc6 56. h4 Kxb6 57. Kf1 Kb5 58. Ke2 Kc4 59. Kd2 Kb3 60. Kc1 Bxc3
61. Bxc3 Kxc3 0-1

[Event "AUTO-ADV-4499"]
[Site "http://www.queenalice.com/game.php?id=1759696"]
[Date "2021.5.16"]
[Round "1"]
[White "BigRezi"]
[Black "attib"]
[Result "1-0"]
[WhiteElo "1820"]
[BlackElo "1663"]

1. e4 e5 2. Nf3 Nc6 3. Bb5 a6 4. Ba4 b5 5. Bb3 d6 6. c3 Bd7 7. d4 exd4 8. Nxd4
h6 9. O-O Nf6 10. Bf4 Be7 11. Nd2 Bg4 12. Qe1 O-O 13. Nxc6 Qd7 14. Nd4 c5 15.
N4f3 Nh5 16. h3 Bxf3 17. Nxf3 Nxf4 18. Rd1 Nxh3+ 19. gxh3 Qxh3 20. Nh2 Bf6 21.
Bd5 Be5 22. f4 Rae8 23. fxe5 Rxe5 24. Rd2 Kh8 25. Rf3 Qh5 26. Rg2 f5 27. Re3 f4
28. Rf3 Rfe8 29. Rxf4 Rxd5 30. Qf1 Rg5 31. Rxg5 Qxg5+ 32. Kh1 1-0

[Event "AUTO-ADV-4499"]
[Site "http://www.queenalice.com/game.php?id=1759697"]
[Date "2021.5.16"]
[Round "1"]
[White "attib"]
[Black "BigRezi"]
[Result "0-1"]
[WhiteElo "1687"]
[BlackElo "1830"]

1. d4 Nf6 2. e3 g6 3. c4 d6 4. Nc3 Bg7 5. Bd2 O-O 6. h3 Nbd7 7. Be2 c5 8. Nf3 b6
9. dxc5 dxc5 10. O-O Bb7 11. Qc2 e6 12. Rad1 Qc7 13. a3 Rad8 14. Nb5 Qb8 15. b4
cxb4 16. Bxb4 Rfe8 17. Nd6 Nc5 18. Nxe8 Nxe8 19. Bxc5 bxc5 20. Rd3 Rxd3 21. Bxd3
Nd6 22. Rb1 Qc7 23. Qb3 a5 24. a4 Qc6 25. Qb6 Bc3 26. Qd8+ Kg7 27. Qb8 Bb4 28.
Qd8 Ne4 29. Ne5 Qxa4 30. Qe7 Nd2 31. Qxf7+ Kh6 32. Rb2 Qa1+ 33. Kh2 Qxb2 34.
Qxb7 Qxe5+ 35. g3 a4 0-1

[Event "AUTO-OPEN-4256"]
[Site "http://www.queenalice.com/game.php?id=1761240"]
[Date "2021.6.2"]
[Round "2"]
[White "RaulSoft"]
[Black "BigRezi"]
[Result "1-0"]
[WhiteElo "2656"]
[BlackElo "1765"]

1. d4 Nf6 2. c4 g6 3. Nf3 Bg7 4. e3 d5 5. cxd5 Nxd5 6. Be2 O-O 7. O-O Nd7 8. e4
N5b6 9. Qc2 Nf6 10. h3 c6 11. a4 a5 12. Be3 Qc7 13. Rd1 Nbd7 14. Nc3 Kh8 15.
Rac1 Qd8 16. d5 cxd5 17. exd5 b6 18. Nd4 Nc5 19. Bf3 Rb8 20. Nc6 Qd6 21. Nb5 Bf5
22. Qe2 Qd7 23. Nxb8 Qc8 24. Nc6 Nfd7 25. Nxe7 Qd8 26. d6 Be6 27. Nc7 Be5 28.
Bh6 Bg7 29. Qe3 f5 30. Bxg7+ Kxg7 31. Nxe6+ Kh8 32. Nxd8 1-0

[Event "AUTO-OPEN-4256"]
[Site "http://www.queenalice.com/game.php?id=1761241"]
[Date "2021.6.2"]
[Round "2"]
[White "BigRezi"]
[Black "RaulSoft"]
[Result "0-1"]
[WhiteElo "1757"]
[BlackElo "2666"]

1. e4 e5 2. Nf3 Nc6 3. Bc4 Nf6 4. Ng5 d5 5. exd5 Na5 6. d3 h6 7. Nf3 e4 8. Nfd2
Bg4 9. f3 exf3 10. gxf3 Bh5 11. Nc3 Be7 12. Nce4 Nxd5 13. Bxd5 Qxd5 14. Nf1
O-O-O 15. Be3 f5 16. Nc3 Qc6 17. Qd2 Nc4 18. Qc1 Qxf3 19. Rg1 Bh4+ 20. Rg3 Rhe8
21. Ne2 Qxe2# 0-1

[Event "AUTO-OPEN-4286"]
[Site "http://www.queenalice.com/game.php?id=1762398"]
[Date "2021.6.17"]
[Round "1"]
[White "clovis"]
[Black "BigRezi"]
[Result "1-0"]
[WhiteElo "2051"]
[BlackElo "1774"]

1. e4 c5 2. Nf3 d6 3. d4 cxd4 4. Nxd4 a6 5. Nc3 g6 6. Bc4 Bg7 7. O-O Nf6 8. Kh1
O-O 9. f4 Bg4 10. Be2 Bd7 11. e5 dxe5 12. fxe5 Ne8 13. e6 fxe6 14. Rxf8+ Bxf8
15. Bc4 b5 16. Nxe6 Qc8 17. Nxf8+ Kxf8 18. Qf3+ Nf6 19. Bh6+ 1-0

[Event "AUTO-OPEN-4286"]
[Site "http://www.queenalice.com/game.php?id=1762399"]
[Date "2021.6.17"]
[Round "1"]
[White "BigRezi"]
[Black "clovis"]
[Result "0-1"]
[WhiteElo "1763"]
[BlackElo "2135"]

1. e4 e5 2. Bc4 Nf6 3. d3 Bc5 4. Nf3 d6 5. O-O Nc6 6. a3 Bg4 7. Bg5 Nd4 8. Nbd2
h6 9. Bxf6 gxf6 10. Re1 Rg8 11. c3 Nxf3+ 12. Nxf3 Qd7 13. d4 Bxf3 14. Qxf3 exd4
15. Qxf6 dxc3 16. Qxc3 O-O-O 17. b4 Qg4 18. g3 Bb6 19. Bf1 h5 20. Bg2 h4 21. Re3
Bxe3 22. Qxe3 hxg3 23. Qxg3 Qh5 24. Qf4 Rg5 25. Kh1 Rdg8 26. Rg1 Rxg2 0-1

[Event "AUTO-OPEN-4286"]
[Site "http://www.queenalice.com/game.php?id=1762412"]
[Date "2021.6.17"]
[Round "1"]
[White "BigRezi"]
[Black "SGF"]
[Result "0-1"]
[WhiteElo "1773"]
[BlackElo "1737"]

1. e4 e5 2. Nf3 Qf6 3. Nc3 c6 4. d4 d6 5. Bg5 Qg6 6. Qd2 f6 7. Bh4 a6 8. Bg3 Bg4
9. Be2 b5 10. a3 a5 11. dxe5 fxe5 12. O-O h5 13. h3 Bxf3 14. Bxf3 h4 15. Bh2 Nf6
16. Qe2 Nbd7 17. Rad1 b4 18. axb4 axb4 19. Nb1 Nc5 20. Nd2 Ra2 21. b3 Rxc2 22.
Rfe1 Nxb3 23. Qd3 Nxd2 24. Rxd2 b3 25. Rxc2 bxc2 26. Qxc2 c5 27. Be2 Nd5 28. Bf3
Nf4 29. Bxf4 exf4 30. Qc4 Be7 31. e5 dxe5 32. Rxe5 Qf6 33. Re4 Kd8 34. Re6 Qf5
35. Be4 Qh5 36. Rg6 Qd1+ 37. Kh2 Bd6 38. Qb5 f3+ 39. g3 hxg3+ 40. fxg3 Qd2+ 41.
Kg1 Qg2# 0-1

[Event "AUTO-OPEN-4286"]
[Site "http://www.queenalice.com/game.php?id=1762413"]
[Date "2021.6.17"]
[Round "1"]
[White "SGF"]
[Black "BigRezi"]
[Result "0-1"]
[WhiteElo "1786"]
[BlackElo "1756"]

1. e4 c5 2. Qf3 Nc6 3. c3 Qa5 4. Bc4 e6 5. Ne2 Ne5 6. Qf4 d6 7. b3 Nf6 8. h3
Nxc4 9. bxc4 e5 10. Qf3 Be6 11. d3 b5 12. cxb5 Qxb5 13. a4 Qd7 14. c4 Be7 15.
Bg5 O-O 16. Bxf6 Bxf6 17. g4 h6 18. Nbc3 a6 19. Nd5 Bxd5 20. cxd5 Rab8 21. h4
Qe7 22. g5 hxg5 23. hxg5 Bxg5 24. Qh5 Bh6 25. Ng3 Qf6 26. Nf5 Qg5 27. Nxh6+ Qxh6
28. Qf3 Qg6 29. Qh3 f6 30. Qe6+ Rf7 31. Qxd6 Rb3 32. Qxa6 Qg2 33. Rf1 Qg5 34.
Qc8+ Rf8 35. Qe6+ Rf7 36. d6 Rxd3 37. Rb1 Qd2# 0-1